Gemeinden von Jennersdorf - Statistiken

Allgemein
  • Dieses Quiz wurde 200 mal gespielt
  • Das Durchschnittsergebnis liegt bei 8 aus 12
Antwortstatistiken
Einwohner Gemeinde % Korrekt
4.105 Jennersdorf
100%
1.142 Mogersdorf
72%
1.977 St. Martin an der Raab
72%
1.215 Heiligenkreuz im Lafnitztal
67%
1.040 Minihof-Liebau
67%
912 Neuhaus am Klausenbach
67%
942 Eltendorf
62%
2.156 Rudersdorf
62%
718 Königsdorf
60%
1.746 Deutsch Kaltenbrunn
55%
716 Weichselbaum
53%
397 Mühlgraben
35%
Keine übereinstimmenden Quizze gefunden
Verteilung der Resultate
Anzahl Personen mit jedem Resultat
Perzentil nach korrekt beantworteten Fragen
Ihre Resultats-Entwicklung
Sie haben dieses Quiz noch nicht gespielt